Asiatische Länder, die mindestens ein E im Namen haben - Statistiken

Allgemein
  • Dieses Quiz wurde 91 mal gespielt
    90 seit der letzten Aktualisierung
  • Das Durchschnittsergebnis liegt bei 23 aus 24
Antworten auf der Karte
Die Antworten werden auf der Karte rot bzw. grün angezeigt, abhängig davon wie oft sie richtig erraten wurden.
 
Antwortstatistiken
Antwort % Korrekt
Indien
100%
Indonesien
100%
Vietnam
100%
Saudi-Arabien
99%
Aserbaidschan
98%
Jemen
98%
Mongolei
98%
Jordanien
96%
Nepal
96%
Nordkorea
96%
Südkorea
96%
Türkei
96%
Turkmenistan
96%
Usbekistan
96%
Armenien
95%
Israel
95%
Syrien
94%
Georgien
93%
Philippinen
93%
Vereinigte Arabische Emirate
93%
Bangladesch
91%
Zypern
91%
Malediven
81%
Brunei
78%
Keine übereinstimmenden Quizze gefunden
Verteilung der Resultate
Anzahl Personen mit jedem Resultat
Perzentil nach korrekt beantworteten Fragen
Ihre Resultats-Entwicklung
Sie haben dieses Quiz seit der letzten Aktualisierung nicht gespielt